| 000 | 00868nam a22002417a 4500 | ||
|---|---|---|---|
| 999 |
_c19695 _d19695 |
||
| 003 | AR-CdUCM | ||
| 008 | 190520b ||||| |||| 00| 0 spa d | ||
| 040 |
_aMUNICIPALIDAD PROVINCIAL DEL CUSCO _cBIBLIOTECA MUNICIPAL DEL CUSCO |
||
| 082 |
_a726.509 / _bCH23 |
||
| 100 |
_aChara Zereceda, Oscar _941192 |
||
| 245 |
_aIglesias del Cusco : _bhistoria y arquitectura / |
||
| 260 |
_aCusco : _bEditorial Universitaria, _c1998. |
||
| 300 |
_a148 páginas ; _bFotografías, planos, _c21 cm. |
||
| 505 | _aContenido: Iglesia compañía de Jesús -- Basílica catedral del Cusco -- Iglesia de San pedro... | ||
| 650 |
_aCusco _9772 |
||
| 650 |
_aTemplos del Cusco _945747 |
||
| 650 |
_aArquitectura colonial _928957 |
||
| 650 |
_aIglesias _93380 |
||
| 650 |
_aCatedral _941193 |
||
| 700 |
_aCaparó Gil, Viviana _941194 |
||
| 942 |
_2ddc _cLIBROS |
||
| 945 |
_adavv _d2019-05-20 |
||